000 00664nam a2200217Ia 4500
005 20250508165259.0
008 008 250505s9999 xx 000 0 eng d
020 _a978-1-4129-2945-5
037 _aTextBook
040 _aFEDL
_beng
_cFEDL
041 _aeng
_2eng
084 _a371.1, FOO/R
_qFEDL
100 _aFoord Duncan
_9780381
245 0 _aDeveloping teacher: Practical activities for professional development
260 _aEngland
_bDelra Publishing
300 _a95p.
365 _aINR
_b250
546 _aFirst Indian Edition 2011 Published by Viva Books Private Limited
942 _cTB
_h371.1, FOO/R
999 _c1394209
_d1394209